Concepts of modern physics / (رقم التسجيلة. 35447)

تفاصيل مارك
000 -الفاتح
حقل البيانات ثابتة الطول 01177cam a2200301 a 4500
001 - رقم الضبط
رقم الضبط 12510196
003 - محدد رقم الضبط
رقم الضبط OSt
005 - وقت وتاريخ اخر تعامل مع التسجيلة
رقم الضبط 20150408114221.0
008 - عناصر البيانات ثابتة الطول - معلومات عامة
حقل البيانات ثابتة الطول 010822s2003 maua b 001 0 eng
010 ## - رقم ضبط مكتبة الكونجرس
رقم ضبط مكتبة الكونجرس 2001044743
020 ## - الرقم الدولى المعيارى للكتب
الرقم الدولى المعيارى للكتاب 0072448482 (acidfree paper)
040 ## - مصدر الفهرسة
وكالة الفهرسة الأصلية DLC
وكالة النسخ DLC
وكالة التعديل DLC
050 00 - رقم طلب مكتبة الكونجرس
رقم التصنيف QC21.3
رقم المادة .B45 2003
082 00 - رقم تصنيف ديوى العشرى
رقم التصنيف 539
رقم الطبعة 21
رقم المادة BAC
100 1# - المدخل الرئيسى - إسم شخصى
الإسم الشخصى Beiser, Arthur.
9 (RLIN) 36595
245 10 - بيان العنوان
العنوان Concepts of modern physics /
بيان المسئوليه,etc Arthur Beiser.
250 ## - بيان الطبعة
بيان الطبعة 6th ed.
260 ## - PUBLICATION, DISTRIBUTION, ETC. (IMPRINT)
مكان الناشر او الموزع Boston :
اسم الناشر او الموزع McGraw-Hill,
تاريخ النشر أو التوزيع c2003.
300 ## - الوصف المادى
التعداد 542 p. :
تفاصيل ماديه اخرى للوعاء ill. (some col.) ;
أبعاد الوعاء 27 cm.
504 ## - تبصرة ببليوجرافية
تبصرة ببليوجرافية,الخ Includes bibliographical references (p. 525-527) and index.
650 #0 - المدخل الاضافى بالموضوع-مصطلح موضوعى
مصطلح موضوعي أو اسم جغرافي كعنصر مدخل Physics.
856 42 - الوصول و الموقع الالكترونى
مواد محددة Publisher description
معرف المصدر الموحد <a href="http://www.loc.gov/catdir/description/mh021/2001044743.html">http://www.loc.gov/catdir/description/mh021/2001044743.html</a>
856 41 - الوصول و الموقع الالكترونى
مواد محددة Table of contents
معرف المصدر الموحد <a href="http://www.loc.gov/catdir/toc/mh021/2001044743.html">http://www.loc.gov/catdir/toc/mh021/2001044743.html</a>
856 42 - الوصول و الموقع الالكترونى
مواد محددة Contributor biographical information
معرف المصدر الموحد <a href="http://www.loc.gov/catdir/enhancements/fy0737/2001044743-b.html">http://www.loc.gov/catdir/enhancements/fy0737/2001044743-b.html</a>
906 ## - عنصر بيانات محلى F, LDF (RLIN)
a 7
b cbc
c orignew
d 1
e ocip
f 20
g y-gencatlg
942 ## - عناصر المدخل الإضافي( كوها)
مصدر التصنيف او مخطط الترفيف Dewey Decimal Classification
Koha [default] item type كتاب
المقتنيات
حالة الفقد نموذج السعر الفعال حالة تلف ليس للاعارة رقم الطلب تاريخ الاكتساب الموقع الحالي الباركود الفرع الرئيسي Date last seen نوع المادة فى نظام كوها مصدر التصنيف او خطة الترفيف Total Checkouts Date last checked out
  2014-07-08     539 BAC 2014-07-08 المكتبة المركزية بالمجمعة (CL) 00652081 المكتبة المركزية بالمجمعة (CL) 2014-07-08 كتاب Dewey Decimal Classification    
  2014-07-08     539 BAC 2014-07-08 المكتبة المركزية بالمجمعة (CL) 00652082 المكتبة المركزية بالمجمعة (CL) 2014-07-08 كتاب Dewey Decimal Classification    
  2014-07-08     539 BAC 2014-07-08 المكتبة المركزية بالمجمعة (CL) 00652083 المكتبة المركزية بالمجمعة (CL) 2014-07-08 كتاب Dewey Decimal Classification    
  2014-07-08     539 BAC 2014-07-08 مكتبة كلية التربية بالزلفى - طالبات (EZF) 00652085 مكتبة مجمع الكليات بالزلفى - طلاب (SZM) 2018-02-12 كتاب Dewey Decimal Classification 1 2018-02-01
  2014-07-08     539 BAC 2014-07-08 مكتبة مجمع الكليات بالزلفى - طلاب (SZM) 00652084 مكتبة مجمع الكليات بالزلفى - طلاب (SZM) 2014-07-08 كتاب Dewey Decimal Classification